Miser sur les différences: êtres gagnants

Guardat en:
Dades bibliogràfiques
Autors principals: Hoeben, Stéphane (Autor), Leroy, Paul-Marie (Autor), Reuter, Patrick (Autor)
Format: Llibre
Idioma:francès
Publicat: Namur Editions D2H 2010
Edició:1a. ed
Matèries:
Etiquetes: Afegir etiqueta
Sense etiquetes, Sigues el primer a etiquetar aquest registre!

MARC

LEADER 00000cam a2200000 a 4500
001 UCC8582
003 CL-VaPUC
008 190719e20100000be |||||||||||||||||fre|d
020 |a 9782874412301 
082 0 4 |a 371.9  |b HOE  |2 21 
100 0 |a Hoeben, Stéphane  |e author  |9 603258 
700 0 |a Leroy, Paul-Marie  |e author  |9 603259 
700 0 |a Reuter, Patrick  |e author  |9 603260 
245 1 0 |a Miser sur les différences: êtres gagnants 
250 |a 1a. ed 
300 |a 196 p 
942 |c BK 
945 |d 20190719 13:28:00  |a dcastane 
260 |a Namur  |b Editions D2H  |c 2010 
650 0 |a Educación inclusiva   |9 560584 
650 0 |a Filosofía de la educación   |9 258384 
583 |a last modification  |c 20190719 13:28:00  |k Rodrigo Vera 
999 |c 374857  |d 374855 
952 |0 0  |1 0  |3 erb  |4 0  |6 371_900000000000000_HOE_2010  |7 0  |8 A  |9 493596  |a BIBEDU  |b BIBEDU  |c ES_NOD  |i 5593646  |o 371.9 HOE 2010  |p 5593646  |r 2023-08-09  |w 2019-11-24  |y BK  |z Catalogado en:20190719  |k EDU